| 000 | 00662nam a22002057a 4500 | ||
|---|---|---|---|
| 003 | OSt | ||
| 005 | 20251119170147.0 | ||
| 008 | 251119b |||||||| |||| 00| 0 eng d | ||
| 020 | _a13 : 978-033522263-6. | ||
| 040 |
_aDWCL-Main lib. _cOC |
||
| 082 |
_24th ed. _aCirc. 616 Og34h 2007 |
||
| 100 | _aOgden, Jane | ||
| 245 |
_aHealth psychology : _ba textbook/ _cJane Ogden |
||
| 250 | _a4th ed. | ||
| 260 |
_aEngland : _bOpen University Press, _cc2007. |
||
| 300 |
_axxxiii, 489 p. : _b ill. ; _c26 cm. |
||
| 504 | _aIncludes bibliographical references and index. | ||
| 650 | _a1. Clinical health psychology. | ||
| 942 |
_2ddc _cBK-CIRC _e4th ed. _hCirc. _n0 |
||
| 999 |
_c5831 _d5831 |
||